|
|
|
|
| LEADER |
01445nam a2200373 i 4500 |
| 001 |
34144 |
| 003 |
BD-DhAAL |
| 005 |
20211125121202.0 |
| 008 |
190116t2017 enk b 001 0 eng |
| 999 |
|
|
|c 40275
|d 40275
|
| 010 |
|
|
|a 2016046369
|
| 020 |
|
|
|a 9781292085791 (print)
|
| 020 |
|
|
|z 9781292085838 (PDF)
|
| 020 |
|
|
|z 9781292175904 (ePub)
|
| 040 |
|
|
|a DLC
|b eng
|c DLC
|e rda
|d DLC
|d BD-DhAAL
|
| 042 |
|
|
|a pcc
|
| 043 |
|
|
|a e-uk---
|
| 050 |
0 |
0 |
|a KD1480
|b .P36 2017
|
| 082 |
0 |
0 |
|a 346.42004
|2 23
|
| 100 |
1 |
|
|a Panesar, Sukhninder
|9 29578
|
| 245 |
1 |
0 |
|a Exploring equity and trusts /
|c Sukhninder Panesar.
|
| 250 |
|
|
|a Third edition.
|
| 260 |
|
|
|a Harlow, England ;
|a New York :
|b Pearson Education Limited,
|c 2017.
|
| 300 |
|
|
|a xxxvii, 860 pages ;
|c 25 cm.
|
| 504 |
|
|
|a Includes bibliographical references and index.
|
| 505 |
0 |
|
|a Creating the trust relationship -- Trusts implied by law -- The administration of trusts -- Breach of trust and remedies -- Charities and charitable trusts.
|
| 526 |
|
|
|a SOL
|
| 541 |
|
|
|a Karim International
|e 34144
|
| 650 |
|
0 |
|a Trusts and trustees
|z Great Britain.
|9 29579
|
| 650 |
|
0 |
|a Equity
|z Great Britain.
|9 29580
|
| 650 |
|
0 |
|a Law.
|9 43189
|
| 852 |
|
|
|a Ayesha Abed Library
|c General Stacks
|
| 942 |
|
|
|2 ddc
|c BK
|
| 952 |
|
|
|0 0
|1 0
|2 ddc
|4 0
|6 346_420040000000000_PAN
|7 0
|9 64853
|a BRACUL
|b BRACUL
|c GEN
|d 2019-01-02
|e Karim International
|g 3880.00
|l 0
|o 346.42004 PAN
|p 3010034144
|r 2019-01-02
|t 1
|v 3880.00
|w 2019-01-02
|y BK
|